ระบบห้องสมุดอัตโนมัติ ULibM
วิทยาลัยพยาบาลบรมราชชนนี พระพุทธบาท
เปลี่ยนเป็นภาษาไทย

Change to English
 แสดงรายละเอียดบรรณานุกรม
  กลับหน้าหลัก

Brief Record : Get Marc (ISO 2709) : E-mail record : QR code ปิดหน้าต่าง
สารบัญ Review โดย
รัตนาพร พรมเดช
วิทยาลัยพยาบาลบรมราชชนนี พระพุทธบาท
รัตนาพร พรมเดช เมื่อ24/มีนาคม/2568
บทที่ 1 การพยาบาลก่อนและหลังผ่าตัด
บทที่ 2 การเตรียมผิวหนังก่อนผ่าตัด
บทที่ 3 การช่วยผู้ป่วยลุกออกจากเตียงและเดินโดยเร็ว
บทที่ 4 การพยาบาลผู้ป่วยที่มีแผลผ่าตัด
บทที่ 5 การทำความสะอาดรูทวารเทียมและการสวนล้าง
บทที่ 6 การสวนล้างกระเพาะปัสสาวะ
บทที่ 7 การให้อาหารทางลำไส้เล็กส่วนกลาง
บทที่ 8 การพยาบาลผู้ป่วยที่ใส่ท่อระบายทรวงอก
บทที่ 9 การพยาบาลผู้ป่วยที่ได้รับการผ่าตัดเปลี่ยนช่องขับถ่ายปัสสาวะ
 

E-books : เกี่ยวกับ Collections
LEADER 00000nam 2200000uu 4500
001    13399130150
003     ULIBM
008    020711s2567 th a 000 0 tha d
020    9786163989826
060    WY161 น411น 2567
100    บรรณาธิการ, นัทธมน วุทธานนท์
245    แนวทางปฏิบัติการพยาบาลทางศัลยกรรม Guidelines for Surgical Nursing Practice
250    พิมพ์ครั้งที่ 1
260    เชียงใหม่ :^bโครงการตำราคณะพยาบาลศาสตร์ มหาวิทยาลัยเชียงใหม่,^c2567
300    169 หน้า ;^c25 ซม.
501    Bookshelf: WY 5/3
999    ^aนางสาวณิชาพร เกตุศีระ
รายการนี้ยังไม่มีแท็ก
คุณยังไม่ได้ล็อกอิน คุณสามารถมีกิจกรรมร่วมกับเว็บไซต์ได้ แต่ต้องล็อกอินก่อน ::
  ล็อกอิน
ลำดับที่ ประเภท เลขเรียก สถานที่ สถานะ
1. หนังสือ
หนังสือ
WY161 น411น 2567 c.1 
  
วิทยาลัยพยาบาลบรมราชชนนี พระพุทธบาท
►หนังสือทั่วไป
On Shelf
2. หนังสือ
หนังสือ
WY161 น411น 2567 c.2 
  
วิทยาลัยพยาบาลบรมราชชนนี พระพุทธบาท
►หนังสือทั่วไป
On Shelf
3. หนังสือ
หนังสือ
WY161 น411น 2567 c.3 
  
วิทยาลัยพยาบาลบรมราชชนนี พระพุทธบาท
►หนังสือทั่วไป
On Shelf
4. หนังสือ
หนังสือ
WY161 น411น 2567 c.4 
  
วิทยาลัยพยาบาลบรมราชชนนี พระพุทธบาท
►หนังสือทั่วไป
On Shelf
5. หนังสือ
หนังสือ
WY161 น411น 2567 c.5 
  
วิทยาลัยพยาบาลบรมราชชนนี พระพุทธบาท
►หนังสือทั่วไป
On Shelf
6. หนังสือ
หนังสือ
WY161 น411น 2567 c.6 
  
วิทยาลัยพยาบาลบรมราชชนนี พระพุทธบาท
►หนังสือทั่วไป
On Shelf
7. หนังสือ
หนังสือ
WY161 น411น 2567 c.7 
  
วิทยาลัยพยาบาลบรมราชชนนี พระพุทธบาท
►หนังสือทั่วไป
On Shelf
8. หนังสือ
หนังสือ
WY161 น411น 2567 c.8 
  
วิทยาลัยพยาบาลบรมราชชนนี พระพุทธบาท
►หนังสือทั่วไป
On Shelf
9. หนังสือ
หนังสือ
WY161 น411น 2567 c.9 
  
วิทยาลัยพยาบาลบรมราชชนนี พระพุทธบาท
►หนังสือทั่วไป
On Shelf
10. หนังสือ
หนังสือ
WY161 น411น 2567 c.10 
  
วิทยาลัยพยาบาลบรมราชชนนี พระพุทธบาท
►หนังสือทั่วไป
On Shelf
   [แสดง 10/10 รายการ]

Bib 13399130150